Statistics for Pocket Morty

Click here to take the quiz!

General Stats

  • This quiz has been taken 50 times
    (44 since last reset)
  • The average score is 110 of 273

Answer Stats

NumberTypingMorty% Correct
#1No TypingMorty
100%
#5PaperOld Morty
91%
#133ScissorsDog Morty
82%
#6PaperGeriatric Morty
82%
#4RockHobo Morty
82%
#146PaperRick Morty
82%
#2RockScruffy Morty
82%
#7PaperAncient Morty
73%
#72PaperAqua Morty
73%
#145PaperBeth Morty
73%
#50RockBiker Morty
73%
#25PaperBlue Shirt Morty
73%
#54RockBuff Morty
73%
#53ScissorsCrazy Cat Morty
73%
#132ScissorsDog Bite Morty
73%
#9ScissorsEvil Rabbit Morty
73%
#31ScissorsExo-Alpha Morty
73%
#33ScissorsExo-Prime Morty
73%
#199ScissorsGirl Morty
73%
#49RockGreaser Morty
73%
#144PaperJerry Morty
73%
#80PaperMascot Morty
73%
#66RockMermaid Morty
73%
#111No TypingMorticia
73%
#48ScissorsMulti Morty
73%
#19ScissorsMustache Morty
73%
#10PaperNo Eye Morty
73%
#57ScissorsNo Skin Morty
73%
#11PaperOne Eye Morty
73%
#8ScissorsRabbit Morty
73%
#26PaperRed Shirt Morty
73%
#67RockReverse Mermaid Morty
73%
#76ScissorsRobot Morty
73%
#58ScissorsSkeleton Morty
73%
#233RockSnuffles Morty
73%
#51ScissorsStray Cat Morty
73%
#143PaperSummer Morty
73%
#65RockSwimmer Morty
73%
#13PaperTest X1 Morty
73%
#12PaperThree Eye Morty
73%
#47ScissorsTriple Morty
73%
#52ScissorsTwo Cat Morty
73%
#3RockUnkempt Morty
73%
#134ScissorsWerewolf Morty
73%
#22PaperAd Space Morty
64%
#87ScissorsAfro Morty
64%
#20ScissorsBeard Morty
64%
#128RockBoulder Morty
64%
#217PaperChimney Sweep Morty
64%
#93PaperCold Morty
64%
#75PaperCowboy Morty
64%
#206ScissorsCucumber Morty
64%
#46ScissorsDouble Morty
64%
#113ScissorsDouble Snoozle Morty
64%
#32ScissorsExo-Omega Morty
64%
#35RockFork Morty
64%
#28PaperGreen Shirt Morty
64%
#38PaperHippie Morty
64%
#91PaperHot Morty
64%
#17RockKarate Morty
64%
#218PaperMaster Morty
64%
#192PaperMega Morty
64%
#74RockMini Morty
64%
#234PaperMonster Morty
64%
#18RockNo Mercy Morty
64%
#127RockPetrified Morty
64%
#207ScissorsPickle Morty
64%
#24PaperPocket Mortys Morty
64%
#216PaperPoorhouse Morty
64%
#100RockPunk Morty
64%
#29PaperPurple Shirt Morty
64%
#30PaperRainbow Shirt Morty
64%
#255ScissorsScary Morty
64%
#71ScissorsShadow Morty
64%
#112ScissorsSingle Snoozle Morty
64%
#43PaperSpooky Morty
64%
#34RockSpoon Morty
64%
#36RockSpork Morty
64%
#116PaperSuper Rick Fan Morty
64%
#14PaperTest X46 Morty
64%
#15PaperTest X72 Morty
64%
#114ScissorsTriple Snoozle Morty
64%
#56ScissorsVeiny Morty
64%
#55RockWrestler Morty
64%
#183ScissorsAnimatronic Morty
55%
#40RockBig Head Morty
55%
#101PaperBig Tongue Morty
55%
#42RockColossal Head Morty
55%
#79No TypingCronenberg Morty
55%
#92PaperFlaming Morty
55%
#94PaperFreezing Morty
55%
#44PaperGhostly Morty
55%
#41RockGiant Head Morty
55%
#21ScissorsHipster Morty
55%
#122ScissorsHost Morty
55%
#140PaperJerry Fan Morty
55%
#59RockMagic Morty
55%
#85ScissorsMullet Morty
55%
#39PaperOff The Grid Morty
55%
#82RockOne True Morty
55%
#124PaperOrange Morty
55%
#27PaperOrange Shirt Morty
55%
#37PaperPeace Morty
55%
#45PaperPhantom Morty
55%
#102ScissorsPizza Morty
55%
#142ScissorsSexy Devil Morty
55%
#115PaperSuper Morty Fan Morty
55%
#180RockSurvivalist Morty
55%
#84ScissorsTank Top Morty
55%
#63ScissorsTelekinetic Morty
55%
#61RockWizard Morty
55%
#271RockArm Chair Morty
45%
#125PaperBanana Morty
45%
#226ScissorsBig Morty
45%
#110RockBlack Hole Morty
45%
#68PaperBusiness Morty
45%
#268ScissorsCop Morty
45%
#73ScissorsCyclops Morty
45%
#163RockDetective Morty
45%
#81RockEgg Morty
45%
#69RockGaseous Morty
45%
#78ScissorsGuard Morty
45%
#23PaperJerry's Game Morty
45%
#200PaperLawyer Morty
45%
#108RockMoon Morty
45%
#103ScissorsMushroom Pizza Morty
45%
#60RockMystic Morty
45%
#151ScissorsNew Blood Morty
45%
#121ScissorsParasite Morty
45%
#104ScissorsPepperoni Pizza Morty
45%
#129ScissorsReptile Morty
45%
#162RockRookie Morty
45%
#250ScissorsScaly Morty
45%
#159PaperSeedling Morty
45%
#16RockSelf-Defense Morty
45%
#126RockStoned Morty
45%
#269RockStool Morty
45%
#109RockSun Morty
45%
#179RockSurvivor Morty
45%
#182PaperWild Mascot Morty
45%
#189RockArmomaly Morty
36%
#99ScissorsButterfly Morty
36%
#147ScissorsCabin Boy Morty
36%
#86ScissorsChops Morty
36%
#152ScissorsCount Morty
36%
#141RockExoskeleton Morty
36%
#120ScissorsInfected Morty
36%
#201PaperJudge Morty
36%
#160PaperMorty of the Valley
36%
#153ScissorsOld One Morty
36%
#70ScissorsSausage Morty
36%
#136RockShell Shocked Morty
36%
#169RockSkin Suit Morty
36%
#259PaperSpecs Morty
36%
#193ScissorsSpliced Morty
36%
#148ScissorsSwashbuckle Morty
36%
#62ScissorsTelepathic Morty
36%
#149ScissorsCap'n Morty
27%
#261ScissorsCult Leader Morty
27%
#157PaperCup Morty
27%
#222RockDetox Morty
27%
#97ScissorsDiamond Eyes Morty
27%
#195PaperEnsign Morty
27%
#138PaperHeadism Morty
27%
#264PaperLeft Handed Morty
27%
#242PaperMighty Morty
27%
#198RockMortox Morty
27%
#131ScissorsMortysaurus
27%
#170RockMotion Capture Morty
27%
#167ScissorsPastry Chef Morty
27%
#208ScissorsPickled Morty
27%
#273PaperPilgrim Morty
27%
#171RockRainbow Suit Morty
27%
#219ScissorsSlime Morty
27%
#123PaperStrawberry Morty
27%
#107RockSuper Unicorn Morty
27%
#243PaperThe Dark Morty
27%
#139RockTurbulent Juice Morty
27%
#105RockUnicorn Chaser Morty
27%
#106RockUnicorn Morty
27%
#204ScissorsWasteland Morty
27%
#181RockWild Man Morty
27%
#90RockAsleep Morty
18%
#257RockAtlantis Morty
18%
#175PaperBirdosaur Morty
18%
#117PaperBlob Morty
18%
#98ScissorsCocoon Morty
18%
#260ScissorsCult of Morty Morty
18%
#154PaperDenim Shorts Morty
18%
#155PaperDouble Denim Morty
18%
#158RockFawn Morty
18%
#227PaperFlower Morty
18%
#95RockFlu Morty
18%
#237PaperFroopy Bloop Morty
18%
#238PaperFroopy Moop Morty
18%
#236PaperFroopy Shloop Morty
18%
#119PaperGoo Morty
18%
#77RockHammerhead Morty
18%
#164RockHardboiled Morty
18%
#211PaperHawaiian Morty
18%
#168ScissorsHead Chef Morty
18%
#118PaperJelly Morty
18%
#166ScissorsKitchen Boy Morty
18%
#150RockMiami Morty
18%
#239PaperMountain Sweater Morty
18%
#190RockMutagen Morty
18%
#96RockMutant Flu Morty
18%
#253PaperOcto Morty
18%
#185ScissorsPlumbus Worker Morty
18%
#258RockPost Atlantis Morty
18%
#177PaperPrancer Morty
18%
#256RockPre Atlantis Morty
18%
#213RockPrisoner Morty
18%
#64ScissorsPsychokinetic Morty
18%
#130ScissorsRaptor Morty
18%
#89RockSleepy Morty
18%
#220ScissorsSnot Morty
18%
#232PaperSpace Trooper Morty
18%
#251PaperSquid Face Morty
18%
#252PaperTentacle Morty
18%
#88RockTired Morty
18%
#156PaperTriple Denim Morty
18%
#249RockTrunk Morty
18%
#272ScissorsTurkey Morty
18%
#210ScissorsVindicator Morty
18%
#178ScissorsAce Pilot Morty
9%
#240RockBlocky Morty
9%
#135RockBoot Camp Morty
9%
#191RockCarcinogenic Morty
9%
#209RockConcerto Morty
9%
#248ScissorsEnforcer Loco Morty
9%
#215RockFederation Prisoner Morty
9%
#203PaperGiant Arm Morty
9%
#221ScissorsGunk Morty
9%
#230ScissorsIngested Morty
9%
#196PaperLieutenant Morty
9%
#244RockLil' Bits Morty
9%
#228RockMindblower Morty
9%
#161PaperMortydrangea
9%
#223RockParade Morty
9%
#188RockPlumbonia Morty
9%
#186ScissorsPlumbus Master Morty
9%
#187PaperPlumbus Prawn Morty
9%
#184ScissorsPlumbus Slave Morty
9%
#165ScissorsPoorly Cloned Morty
9%
#224RockPride Morty
9%
#137RockRenegade Morty
9%
#245PaperSeason 3 Morty
9%
#212PaperSherlock Morty
9%
#247ScissorsSoldado Loco Morty
9%
#246ScissorsStreet Loco Morty
9%
#176PaperVolcan Morty
9%
#241PaperWonder Morty
9%
#270RockWooden Chair Morty
9%
#202RockAndroid Morty
0%
#263RockCampaign Manager Morty
0%
#194PaperCrewman Morty
0%
#173RockDangerous Morty
0%
#214RockFelon Morty
0%
#225RockFestival Morty
0%
#262ScissorsGrand Sage Morty
0%
#172RockLoner Morty
0%
#197ScissorsMortaion Morty
0%
#229ScissorsPossessed Morty
0%
#254RockPumpkin Morty
0%
#265PaperRonin Morty
0%
#266PaperSamurai Morty
0%
#267PaperShogun Morty
0%
#205PaperSunday Best Morty
0%
#174RockViolent Morty
0%
#83ScissorsV Neck Morty
0%
#231ScissorsVoltamatron Morty
0%
#235RockWar Paint Morty
0%

Score Distribution

Percentile by Number Answered

Percent of People with Each Score

Your Score History

You have not taken this quiz since the last reset